Lezáratlan szavak
Elmentve itt :
| Szerző: | |
|---|---|
| Testületi szerző: | |
| Adatforrás: | Philobibl |
| Dokumentumtípus: | Könyv |
| Nyelv: | magyar |
| Kulcsszavak: | kultúrafilozófia történetfilozófia művelődéstörténet |
| Megjelent: |
Budapest
Cédrus Műv. Alapítvány Napkút K.
2011
|
| LEADER | 00484nam a2200157 c 4500 | ||
|---|---|---|---|
| 001 | bibPHI0043581 | ||
| 005 | 20200924125034.2 | ||
| 008 | 120307s2011 hu b 00000 hun d | ||
| 100 | 1 | |a Handó Péter | |
| 245 | 1 | 0 | |a Lezáratlan szavak |c Handó Péter |
| 260 | |a Budapest |b Cédrus Műv. Alapítvány |b Napkút K. |c 2011 | ||
| 300 | |a 200, [3] p. | ||
| 695 | |a kultúrafilozófia | ||
| 695 | |a történetfilozófia | ||
| 695 | |a művelődéstörténet | ||
| 710 | 2 | |a Cédrus Művészeti Alapítvány |4 közread. | |